| 000 | 01517cam a22003857a 4500 | ||
|---|---|---|---|
| 003 | CHAP | ||
| 005 | 20220817043554.0 | ||
| 008 | 990824d1999 mx r 00110 spa d | ||
| 010 | _a78810 | ||
| 011 | _a79782 | ||
| 035 | _a90187 | ||
| 040 | _cCHAP | ||
| 090 | _aTesis | ||
| 100 | 0 | 0 |
_aMorán Valente, Miguel Angel. _978858 |
| 245 | 1 | 0 |
_aCultivo en callejones con frijol de árbol (Cajanus cajan (L.) Millspaugh) y maíz (Zea mays L.) en el trópico húmedo del Estado de Veracruz : _banálisis del rendimiento de grano y fertilidad del suelo _c/por Miguel Angel Morán Valente |
| 260 |
_aChapingo, Méx. : _bEl autor, _c1999. |
||
| 300 | _a139 h. | ||
| 502 | _aTesis (M.C. en Agroforestería para el Desarrollo Sostenible) -- UACH. Centro de Agroforestería para el Desarrollo Sostenible | ||
| 590 |
_aALEPH _b10 _c20130110 _lUCH01 _h1430 |
||
| 590 |
_aBATCH-UPD _b10 _c20130110 _lUCH01 _h0551 |
||
| 590 |
_aBATCH-UPD _b10 _c20130410 _lUCH01 _h0233 |
||
| 590 |
_aBATCH-UPD _b10 _c20130914 _lUCH01 _h0813 |
||
| 590 |
_aCONVERSION _b10 _c20130109 _lUCH01 _h1344 |
||
| 650 | 1 | 4 | _aCajanus indicus. |
| 650 | 1 | 4 |
_aMaíz _xRendimiento. _971051 |
| 650 | 1 | 4 |
_aMaíz _xTrópicos. _971076 |
| 650 | 1 | 4 |
_aMaíz _xVeracruz. _971085 |
| 650 | 1 | 4 |
_aSuelos _xFertilidad. _9110367 |
| 901 | _aBK | ||
| 905 | _aAlejandra Carrasco M. | ||
| 942 | _cFOLL | ||
| 949 |
_bBC _cTES _d33724000716130 _eTS2 _fc.2 _h34224 _i90187 _sb |
||
| 949 |
_bBC _cTES _d33724000763181 _eTS2 _fc.3 _h35957 _i90187 _si |
||
| 949 |
_bBC _cTES _d901871 _eTS1 _h34223 _i90187 _sb |
||
| 999 |
_c78810 _d78810 |
||